000 00593nam a2200181 i 4500
001 140800
003 ES-MaACL
005 20250522202635.0
007 t|
008 070917s1919 sp ||||1| spa d
100 0 _aWells, H. G.,
_d1866-1946
_9116458
245 1 0 _aArturo Bealby
_b: aventuras veraniegas : novela inglesa /
_cH. G. Wells ; versión castellana de Ramón D. Péres.
260 _a[Barcelona :
_bGustau Gili,
_c1919]
300 _a298 p. ;
_c19 cm.
700 1 _aPerés, Ramón D.,
_d1863-1956
_990527
852 _aES-MaACL
_jF-8438
999 _c140800
_d140800